[Event "Mistrovstvi CR senioru 2016 nad 60 let"]
[Site "Pelclovo divadlo Rychnov nad K"]
[Date "2016.08.24"]
[Round "5.5"]
[White "Jablecnik, Gustav"]
[Black "Sveda, Jiri"]
[Result "1-0"]
[WhiteElo "2108"]
[BlackElo "1930"]
[PlyCount "75"]
[EventDate "2016.08.20"]

1. e4 c5 2. Bc4 e6 3. Qe2 Nc6 4. c3 Nge7 5. Bb3 d5 6. d3 b6 7. Nf3 Bb7 8. O-O
g6 9. Bg5 Bg7 10. exd5 exd5 11. Bxe7 Nxe7 12. Ba4+ Kf8 13. Ne5 Bc8 14. Re1 Be6
15. Nd2 Qd6 16. Ndf3 Bf6 17. g4 Rb8 18. d4 c4 19. Qd2 b5 20. Bc2 Rb6 21. Qf4
Ng8 22. Re2 Kg7 23. Rae1 Bxe5 24. Nxe5 f6 25. Nxg6 Qxf4 26. Nxf4 Bxg4 27. Re8
Bf3 28. R1e3 Be4 29. Bxe4 dxe4 30. R3xe4 Rb7 31. Ne6+ Kg6 32. Nd8 Rg7 33. Rg4+
Kh6 34. Rxg7 Kxg7 35. d5 h5 36. d6 Rh7 37. Ne6+ Kh8 38. Nc5 1-0

[Event "Mistrovstvi CR senioru 2016 nad 60 let"]
[Site "Pelclovo divadlo Rychnov nad K"]
[Date "2016.08.24"]
[Round "5.6"]
[White "Juricek, Stanislav"]
[Black "Rucka, Alois"]
[Result "1/2-1/2"]
[WhiteElo "2082"]
[BlackElo "1927"]
[PlyCount "41"]
[EventDate "2016.08.20"]

1. e4 c5 2. Nf3 d6 3. d4 cxd4 4. Qxd4 a6 5. c4 Nc6 6. Qd2 g6 7. Nc3 Bg7 8. b3
Nf6 9. Bb2 O-O 10. Be2 Qa5 11. Nd5 Qxd2+ 12. Nxd2 Nxd5 13. Bxg7 Kxg7 14. exd5
Nd4 15. Rc1 Bf5 16. Nf3 Nxe2 17. Kxe2 Rfe8 18. Nd4 Bd7 19. Kd3 e6 20. dxe6 fxe6
21. Ke3 1/2-1/2

[Event "Mistrovstvi CR senioru 2016 nad 60 let"]
[Site "Pelclovo divadlo Rychnov nad K"]
[Date "2016.08.24"]
[Round "5.7"]
[White "Dolezal, Radoslav"]
[Black "Drabek, Miloslav"]
[Result "1/2-1/2"]
[WhiteElo "1974"]
[BlackElo "2078"]
[PlyCount "38"]
[EventDate "2016.08.20"]

1. e4 d6 2. d4 Nf6 3. Nc3 g6 4. Nf3 Bg7 5. Be2 O-O 6. O-O Bg4 7. h3 Bxf3 8.
Bxf3 Nc6 9. Be3 e5 10. d5 Ne7 11. Ne2 c6 12. c4 c5 13. Qd2 Nd7 14. Ng3 f5 15.
exf5 gxf5 16. Bg5 Nf6 17. Nh5 Nxh5 18. Bxh5 Qd7 19. f4 Ng6 1/2-1/2

[Event "Mistrovstvi CR senioru 2016 nad 60 let"]
[Site "Pelclovo divadlo Rychnov nad K"]
[Date "2016.08.24"]
[Round "5.8"]
[White "Divis, Libor"]
[Black "Uhmann, Jan"]
[Result "0-1"]
[WhiteElo "1880"]
[BlackElo "2063"]
[PlyCount "194"]
[EventDate "2016.08.20"]

1. e4 c6 2. d4 d5 3. e5 Bf5 4. Bd3 Bxd3 5. Qxd3 e6 6. Ne2 Qa5+ 7. c3 Qa6 8.
Qxa6 Nxa6 9. O-O Ne7 10. f4 h5 11. Nd2 Nf5 12. Nb3 c5 13. Ng3 Nxg3 14. hxg3 g6
15. Be3 c4 16. Nd2 b5 17. a3 Be7 18. Kf2 Kd7 19. Rh1 Nc7 20. Nf3 a5 21. Bd2 Na6
22. Ra2 Nb8 23. Ke2 Nc6 24. Rd1 Ra7 25. Be1 Rb8 26. Ke3 Rab7 27. Rda1 Rg8 28.
Bd2 Rgb8 29. Be1 Rb6 30. Bd2 b4 31. axb4 axb4 32. Ra8 b3 33. Rxb8 Rxb8 34. Ra6
Kc7 35. Ng5 Bxg5 36. fxg5 Kb7 37. Ra1 Rh8 38. Kf3 Ne7 39. Be3 Nc8 40. Bf2 Nb6
41. Kf4 Kc6 42. Kf3 Rb8 43. Ra7 Kb5 44. Be3 Rf8 45. Ke2 Nc8 46. Ra8 Kb6 47. Ra1
Ne7 48. Bf2 Rb8 49. Kf3 Nc8 50. Ra4 Kc6 51. Be3 Rb7 52. Ke2 Nb6 53. Ra5 Nd7 54.
Kf3 Kb6 55. Ra4 Rc7 56. Ke2 Kb5 57. Ra1 Nb6 58. Rf1 Ra7 59. Rb1 Ra2 60. Bc1 Ra8
61. Be3 Na4 62. Bd2 Rh8 63. Be1 Ra8 64. Bd2 Nb6 65. Kd1 Ra2 66. Be1 Nc8 67. Ke2
Kc6 68. Bd2 Na7 69. Kd1 Kd7 70. Be3 Nc8 71. Bd2 Ne7 72. Ke2 Nf5 73. Be1 Ke7 74.
Bf2 Kf8 75. Kf3 Kg7 76. Be1 Ne7 77. Ke2 Nc8 78. Bd2 Nb6 79. Kd1 Ra8 80. Ke2 Na4
81. Be1 Nxb2 82. Bd2 Ra2 83. Ke1 Na4 84. Kd1 Rc2 85. Rc1 Nb2+ 86. Ke2 Rxc1 87.
Bxc1 Nd3 88. Kd2 b2 89. Bxb2 Nxb2 90. Kc2 Na4 91. Kd2 Kf8 92. Kc2 Ke7 93. Kd2
Kd7 94. Kc2 Kc6 95. Kd2 Kb6 96. Kc2 Kb5 97. Kd2 Nb6 0-1

[Event "Mistrovstvi CR senioru 2016 nad 60 let"]
[Site "Pelclovo divadlo Rychnov nad K"]
[Date "2016.08.24"]
[Round "5.9"]
[White "Lorenc, Oldrich"]
[Black "Chladek, Vaclav"]
[Result "1/2-1/2"]
[WhiteElo "2063"]
[BlackElo "2071"]
[PlyCount "26"]
[EventDate "2016.08.20"]

1. e4 e5 2. Nf3 Nc6 3. Bb5 a6 4. Ba4 Nf6 5. O-O Be7 6. Re1 b5 7. Bb3 O-O 8. c3
d6 9. h3 Na5 10. Bc2 c5 11. d4 cxd4 12. cxd4 Qc7 13. Nc3 Bb7 1/2-1/2

[Event "Mistrovstvi CR senioru 2016 nad 60 let"]
[Site "Pelclovo divadlo Rychnov nad K"]
[Date "2016.08.24"]
[Round "5.10"]
[White "Ondrejat, Miroslav"]
[Black "Tsapanidis, Vasilis"]
[Result "1-0"]
[WhiteElo "2028"]
[BlackElo "1817"]
[PlyCount "89"]
[EventDate "2016.08.20"]

1. Nf3 d5 2. b3 Nf6 3. Bb2 Bf5 4. e3 h6 5. c4 c6 6. Be2 e6 7. O-O Be7 8. Nc3
O-O 9. Nd4 Bh7 10. f4 Ne4 11. Nxe4 Bxe4 12. Nf3 Nd7 13. cxd5 exd5 14. Kh1 Bf6
15. Qc1 Bxb2 16. Qxb2 Qf6 17. Qxf6 Nxf6 18. b4 Rad8 19. Nd4 Rfe8 20. f5 a5 21.
a3 Rc8 22. d3 Bxg2+ 23. Kxg2 Rxe3 24. Rf3 Rxf3 25. Kxf3 axb4 26. axb4 c5 27.
bxc5 Rxc5 28. Rb1 Rc7 29. Rb5 Kf8 30. Nb3 Ke7 31. Na5 Kd6 32. Rxb7 Rxb7 33.
Nxb7+ Ke5 34. Nd8 Kxf5 35. Nxf7 d4 36. Nd6+ Ke5 37. Nc4+ Kf5 38. Kg3 h5 39.
Nd6+ Ke5 40. Nf7+ Kf5 41. h4 g6 42. Bf3 Ke6 43. Ng5+ Ke5 44. Be4 Nxe4+ 45. Nxe4
1-0

[Event "Mistrovstvi CR senioru 2016 nad 60 let"]
[Site "Pelclovo divadlo Rychnov nad K"]
[Date "2016.08.24"]
[Round "5.11"]
[White "Pavlis, Jaromir"]
[Black "Hlavac, Frantisek"]
[Result "1/2-1/2"]
[WhiteElo "1903"]
[BlackElo "1989"]
[PlyCount "22"]
[EventDate "2016.08.20"]

1. Nf3 Nf6 2. d4 g6 3. g3 Bg7 4. Bg2 c6 5. O-O O-O 6. c4 d5 7. c5 Nbd7 8. Nc3
Re8 9. e3 e5 10. Nxe5 Nxe5 11. dxe5 Rxe5 1/2-1/2

[Event "Mistrovstvi CR senioru 2016 nad 60 let"]
[Site "Pelclovo divadlo Rychnov nad K"]
[Date "2016.08.24"]
[Round "5.12"]
[White "Trojan, Lubos"]
[Black "Istel, Oldrich"]
[Result "1-0"]
[WhiteElo "1989"]
[BlackElo "1686"]
[PlyCount "63"]
[EventDate "2016.08.20"]

1. d4 d5 2. Nf3 Nf6 3. Bf4 g6 4. Nbd2 Bg7 5. e3 a6 6. h3 O-O 7. Bd3 Nbd7 8. O-O
c5 9. c3 c4 10. Bc2 b5 11. e4 dxe4 12. Nxe4 Nd5 13. Bg5 Bb7 14. Qd2 Qc7 15. Bh6
N7f6 16. Bxg7 Kxg7 17. Nc5 Nd7 18. Nxd7 Qxd7 19. Ne5 Qd6 20. f4 f6 21. Ng4 h5
22. Nh2 f5 23. Rae1 Rae8 24. Re5 Nf6 25. Qe1 e6 26. Rf2 Re7 27. Rfe2 Be4 28.
Bxe4 fxe4 29. Qg3 Nd5 30. R2xe4 Rxf4 31. Rxf4 Qxe5 32. dxe5 1-0

[Event "Mistrovstvi CR senioru 2016 nad 60 let"]
[Site "Pelclovo divadlo Rychnov nad K"]
[Date "2016.08.24"]
[Round "5.13"]
[White "Franc, Lubor"]
[Black "Just, Pavel"]
[Result "1/2-1/2"]
[WhiteElo "1843"]
[BlackElo "1971"]
[PlyCount "29"]
[EventDate "2016.08.20"]

1. e4 e5 2. Nf3 Nc6 3. Bb5 Nf6 4. O-O Nxe4 5. Re1 Nd6 6. Nxe5 Be7 7. Bf1 O-O 8.
d4 Ne8 9. c3 d6 10. Nxc6 bxc6 11. Nd2 Bg5 12. Ne4 Bxc1 13. Rxc1 Bf5 14. Ng3 Bd7
15. Bd3 1/2-1/2

[Event "Mistrovstvi CR senioru 2016 nad 60 let"]
[Site "Pelclovo divadlo Rychnov nad K"]
[Date "2016.08.24"]
[Round "5.14"]
[White "Sobotnik, Petr"]
[Black "Sedlacek, Jan"]
[Result "1-0"]
[WhiteElo "1947"]
[BlackElo "1839"]
[PlyCount "139"]
[EventDate "2016.08.20"]

1. c4 c5 2. Nc3 Nf6 3. g3 g6 4. Bg2 Bg7 5. Nf3 O-O 6. O-O Nc6 7. d3 d5 8. cxd5
Nxd5 9. Bd2 e5 10. Rc1 Nde7 11. Ne1 Be6 12. b3 Rc8 13. Ne4 b6 14. Nc2 Nf5 15.
Ng5 Bd7 16. Nf3 Nd6 17. Ne3 Nd4 18. Nc4 Nxc4 19. dxc4 Nxf3+ 20. Bxf3 Bc6 21.
Bxc6 Rxc6 22. Qc2 Rd6 23. Rcd1 Qd7 24. Bg5 f6 25. Rxd6 Qxd6 26. Rd1 Qe7 27. Be3
Rd8 28. Rxd8+ Qxd8 29. Qd2 Qxd2 30. Bxd2 Kf7 31. g4 Ke6 32. Kg2 f5 33. f3 Bf6
34. e4 f4 35. Kf2 Be7 36. Ke2 g5 37. Kd3 Kd7 38. Bc3 Bd6 39. Kc2 Kc6 40. Kb2
Kb7 41. Ka3 a5 42. Ka4 Ka6 43. a3 Bb8 44. b4 axb4 45. axb4 Bc7 46. h3 h6 47.
Be1 Bd8 48. Bd2 Be7 49. Bc3 Bd6 50. bxc5 bxc5 51. Ba5 Bf8 52. Bc7 Bg7 53. Bd8
Bh8 54. Be7 Kb6 55. Bf8 Bf6 56. Bxh6 Kc6 57. Bf8 Kb6 58. Kb3 Kc6 59. Kc3 Kb6
60. Kd3 Kc6 61. Ke2 Kb6 62. Kf2 Kc6 63. Kg2 Kb6 64. Bh6 Ka5 65. h4 gxh4 66. g5
Bh8 67. g6 Kb4 68. g7 Bxg7 69. Bxg7 Kxc4 70. Bxe5 1-0

[Event "Mistrovstvi CR senioru 2016 nad 60 let"]
[Site "Pelclovo divadlo Rychnov nad K"]
[Date "2016.08.24"]
[Round "5.15"]
[White "Rehak, Jiri"]
[Black "Briza, Jiri"]
[Result "0-1"]
[WhiteElo "1841"]
[BlackElo "1904"]
[PlyCount "26"]
[EventDate "2016.08.20"]

1. e4 e5 2. Bc4 Nc6 3. Nf3 Bc5 4. c3 Bb6 5. O-O Nf6 6. d4 Qe7 7. d5 Nb8 8. a4
a5 9. Bd3 Na6 10. b3 Nc5 11. Ba3 d6 12. Bc2 Ncxe4 13. Re1 Nxf2 0-1

[Event "Mistrovstvi CR senioru 2016 nad 60 let"]
[Site "Pelclovo divadlo Rychnov nad K"]
[Date "2016.08.24"]
[Round "5.16"]
[White "Salac, Jiri"]
[Black "Splitek, Lubos"]
[Result "1-0"]
[WhiteElo "2102"]
[BlackElo "1745"]
[PlyCount "27"]
[EventDate "2016.08.20"]

1. d4 f5 2. g3 Nf6 3. Bg2 g6 4. Nh3 Bg7 5. O-O O-O 6. c4 c6 7. d5 d6 8. Nf4 e5
9. dxe6 Qe7 10. Nc3 Bxe6 11. Nxe6 Qxe6 12. Qb3 Qe7 13. Bf4 Nh5 14. Bxd6 1-0

[Event "Mistrovstvi CR senioru 2016 nad 60 let"]
[Site "Pelclovo divadlo Rychnov nad K"]
[Date "2016.08.24"]
[Round "5.17"]
[White "Vesely, Emanuel"]
[Black "Zboril, Jaroslav"]
[Result "1/2-1/2"]
[WhiteElo "1784"]
[BlackElo "1980"]
[PlyCount "40"]
[EventDate "2016.08.20"]

1. c4 e5 2. Nc3 d6 3. g3 c6 4. Bg2 Be6 5. d3 Nf6 6. Nf3 h6 7. O-O Be7 8. Qc2
O-O 9. b3 Qc7 10. Bb2 Nh7 11. d4 Nd7 12. Rad1 g6 13. d5 Bf5 14. e4 Bg4 15. h3
Bxf3 16. Bxf3 c5 17. Bc1 Bg5 18. h4 Bxc1 19. Qxc1 Kg7 20. Bg2 f5 1/2-1/2

[Event "Mistrovstvi CR senioru 2016 nad 60 let"]
[Site "Pelclovo divadlo Rychnov nad K"]
[Date "2016.08.24"]
[Round "5.18"]
[White "Majerik, Vladimir"]
[Black "Novotny, Jaroslav"]
[Result "1/2-1/2"]
[WhiteElo "1811"]
[BlackElo "1926"]
[PlyCount "88"]
[EventDate "2016.08.20"]

1. d4 Nf6 2. Nf3 e6 3. Bg5 h6 4. Bh4 c5 5. c3 b6 6. e3 Bb7 7. Nbd2 Be7 8. dxc5
bxc5 9. Qb3 Qc7 10. Be2 O-O 11. O-O d5 12. Bg3 Qb6 13. h3 Nc6 14. Rfd1 Rfd8 15.
Qxb6 axb6 16. Nb3 Ba6 17. Bxa6 Rxa6 18. a3 Ne4 19. Bh2 b5 20. Ne5 Nxe5 21. Bxe5
f6 22. Bh2 f5 23. Be5 Rc8 24. Rac1 Nd6 25. Nd2 Nf7 26. Bg3 Bf6 27. Nb3 Ne5 28.
Rc2 Nc4 29. Nd2 Nxd2 30. Rdxd2 Rac6 31. f3 b4 32. cxb4 cxb4 33. Rxc6 Rxc6 34.
axb4 Rb6 35. b3 Rxb4 36. Rd3 g5 37. Bd6 Rb5 38. Bg3 Kf7 39. Kf1 Rc5 40. Ke2 Ke7
41. Be1 Rc2+ 42. Rd2 Rc1 43. Rd1 Rxd1 44. Kxd1 Kd6 1/2-1/2

[Event "Mistrovstvi CR senioru 2016 nad 60 let"]
[Site "Pelclovo divadlo Rychnov nad K"]
[Date "2016.08.24"]
[Round "5.19"]
[White "Wiedermann, Jan"]
[Black "Masek, Jan"]
[Result "1-0"]
[WhiteElo "1779"]
[BlackElo "1911"]
[PlyCount "83"]
[EventDate "2016.08.20"]

1. d4 Nf6 2. c4 c5 3. d5 b5 4. b3 Bb7 5. Nd2 Qa5 6. Qc2 e6 7. e4 Bd6 8. Ngf3
Ng4 9. Bb2 f6 10. h3 Ne5 11. Be2 Nxf3+ 12. Bxf3 Na6 13. a3 Nc7 14. O-O a6 15.
Rfe1 O-O 16. Rad1 Qb6 17. cxb5 axb5 18. a4 exd5 19. exd5 Nxd5 20. axb5 Be5 21.
Nc4 Nb4 22. Nxb6 Nxc2 23. Bxb7 Bxb2 24. Nxa8 Nxe1 25. Bd5+ Kh8 26. Rxe1 Be5 27.
b6 g5 28. g3 Rb8 29. Kg2 Kg7 30. Re4 d6 31. f4 gxf4 32. gxf4 f5 33. Ra4 Bd4 34.
Ra7+ Kg6 35. Rc7 c4 36. Rxc4 Bxb6 37. Nxb6 Rxb6 38. Rc6 Rb4 39. Rxd6+ Kg7 40.
Bc4 Rb8 41. Kg3 h6 42. Rd2 1-0

[Event "Mistrovstvi CR senioru 2016 nad 60 let"]
[Site "Pelclovo divadlo Rychnov nad K"]
[Date "2016.08.24"]
[Round "5.20"]
[White "Vlachopulos, Georgis"]
[Black "Portych, Vaclav"]
[Result "1/2-1/2"]
[WhiteElo "1908"]
[BlackElo "1822"]
[PlyCount "0"]
[EventDate "2016.08.20"]
[PlyCount "66"]

1. e4 c5 2. Nf3 Nc6 3. d4 cxd4 4. Nxd4 Nf6 5. Nc3 a6 6. Nxc6 bxc6 7. e5 Ng8 8.
Bc4 e6 9. O-O Ne7 10. Bd3 Nd5 11. Nxd5 cxd5 12. Qg4 h6 13. f4 Bb7 14. Be3 Qc7
15. Kh1 h5 16. Qe2 g6 17. Qf2 Be7 18. Bd4 Rc8 19. c3 Bc5 20. h3 Bxd4 21. cxd4
O-O 22. g4 hxg4 23. hxg4 Kg7 24. f5 Rh8+ 25. Kg2 gxf5 26. Qd2 f6 27. Rac1 Qb6
28. Rxc8 Bxc8 29. Bxf5 exf5 30. Rxf5 Rh6 31. exf6+ Rxf6 32. Qg5+ Kf7 33. Qh5+
Kg7 1/2-1/2

[Event "Mistrovstvi CR senioru 2016 nad 60 let"]
[Site "Pelclovo divadlo Rychnov nad K"]
[Date "2016.08.24"]
[Round "5.26"]
[White "Pribyl, Jaroslav"]
[Black "Dvorak, Eduard"]
[Result "1/2-1/2"]
[WhiteElo "1964"]
[BlackElo "1727"]
[PlyCount "34"]

1. e4 e5 2. Nf3 f5 3. Bc4 fxe4 4. Nxe5 Qg5 5. d4 Qxg2 6. Qh5+ g6 7. Bf7+ Kd8 8.
Bxg6 Qxh1+ 9. Ke2 c6 10. Nc3 Kc7 11. Bf4 Qxa1 12. Nxd7+ Bd6 13. Bxd6+ Kxd6 14.
Qe5+ Kxd7 15. Qe8+ Kc7 16. Qe5+ Kd8 17. Qe8+ Kc7 1/2-1/2

[Event "Mistrovstvi CR senioru 2016 nad 70 let"]
[Site "Pelclovo divadlo Rychnov nad K"]
[Date "2016.08.24"]
[Round "5.1"]
[White "Macura, Emil"]
[Black "Jacek, Miloslav"]
[Result "1/2-1/2"]
[WhiteElo "1985"]
[BlackElo "1977"]
[PlyCount "23"]
[EventDate "2016.08.20"]

1. d4 Nf6 2. c4 e6 3. Nf3 b6 4. Nc3 Bb7 5. Bg5 Be7 6. e3 Ne4 7. Bxe7 Qxe7 8.
Bd3 Nxc3 9. bxc3 O-O 10. O-O d6 11. e4 Nd7 12. Qd2 1/2-1/2

[Event "Mistrovstvi CR senioru 2016 nad 70 let"]
[Site "Pelclovo divadlo Rychnov nad K"]
[Date "2016.08.24"]
[Round "5.2"]
[White "Skokan, Zdenek"]
[Black "Mesiarik, Rudolf"]
[Result "0-1"]
[WhiteElo "1967"]
[BlackElo "2092"]
[PlyCount "130"]
[EventDate "2016.08.20"]

1. e4 c5 2. Nc3 Nc6 3. f4 d6 4. Nf3 a6 5. a4 Bg4 6. Be2 e6 7. O-O Bxf3 8. Bxf3
Nd4 9. d3 Qc7 10. Be3 g6 11. Qd2 Bg7 12. Rae1 Ne7 13. Nd1 O-O 14. c3 Nxf3+ 15.
Rxf3 f5 16. Qf2 Rac8 17. Qh4 Rf7 18. g4 Qc6 19. Nf2 fxg4 20. Qxg4 d5 21. Bc1
dxe4 22. Nxe4 Nf5 23. Ng5 Re7 24. Rh3 h5 25. Qf3 Qxa4 26. Qe4 Qc6 27. Nf3 Qd5
28. Ne5 Bxe5 29. fxe5 Qxe4 30. Rxe4 Rd7 31. Kf2 Rd5 32. Bg5 Rc7 33. Ke2 Rc6 34.
Kd2 b5 35. Kc2 a5 36. Be3 a4 37. Rf3 c4 38. d4 Ra6 39. Rf1 Rd7 40. Bg5 b4 41.
Ra1 Kf7 42. cxb4 Nxd4+ 43. Kc3 Nb5+ 44. Kxc4 Rd5 45. Be3 a3 46. Rf1+ Ke8 47.
bxa3 Nxa3+ 48. Kc3 Nb5+ 49. Kc4 Ra3 50. Bc5 Nc7 51. Rf8+ Kd7 52. Ref4 Ra1 53.
R4f7+ Kc6 54. b5+ Kb7 55. Bd6 Rc1+ 56. Kb3 Rxb5+ 57. Ka2 Rc6 58. Rxc7+ Rxc7 59.
Bxc7 Kxc7 60. Rf6 Rxe5 61. Rxg6 Re2+ 62. Kb3 Kd6 63. h4 Rh2 64. Kc3 Rxh4 65.
Kd3 Kd5 0-1

[Event "Mistrovstvi CR senioru 2016 nad 70 let"]
[Site "Pelclovo divadlo Rychnov nad K"]
[Date "2016.08.24"]
[Round "5.3"]
[White "Fiser, Jiri"]
[Black "Pecka, Frantisek"]
[Result "1-0"]
[WhiteElo "1952"]
[BlackElo "2057"]
[PlyCount "69"]
[EventDate "2016.08.20"]

1. e4 c5 2. Nf3 a6 3. c3 d5 4. exd5 Qxd5 5. d4 Bg4 6. Be2 cxd4 7. cxd4 e6 8.
Nc3 Bb4 9. O-O Bxc3 10. bxc3 Ne7 11. c4 Qd7 12. h3 Bh5 13. g4 Bg6 14. Ne5 Qc7
15. Bf4 Qd8 16. Bf3 Nbc6 17. Nxc6 bxc6 18. Re1 O-O 19. Bg5 f6 20. Bh4 Qd7 21.
Qe2 Bf7 22. Rad1 Ng6 23. Bg3 Rfe8 24. h4 Rac8 25. Qc2 Nf8 26. Qa4 g5 27. hxg5
fxg5 28. Qa5 h6 29. Kg2 Ng6 30. Rh1 Kg7 31. Be5+ Kf8 32. Qc5+ Re7 33. Rxh6 Be8
34. Bd6 Kg7 35. Rxg6+ 1-0

[Event "Mistrovstvi CR senioru 2016 nad 70 let"]
[Site "Pelclovo divadlo Rychnov nad K"]
[Date "2016.08.24"]
[Round "5.4"]
[White "Tejkal, Jiri"]
[Black "Most, Zdenek"]
[Result "1/2-1/2"]
[WhiteElo "1910"]
[BlackElo "2038"]
[PlyCount "0"]
[EventDate "2016.08.20"]
[PlyCount "54"]

1. d4 Nf6 2. Nf3 c5 3. e3 d6 4. c4 g6 5. Nc3 Nbd7 6. Be2 Bg7 7. O-O O-O 8. Qc2
e6 9. b3 a6 10. Bb2 Qc7 11. Rfd1 Rb8 12. Rac1 b6 13. Qb1 Bb7 14. h3 Rfe8 15.
Qa1 Rbd8 16. a4 h6 17. Rd2 e5 18. dxe5 dxe5 19. Rcd1 e4 20. Ne1 h5 21. Nd5 Bxd5
22. cxd5 Qc8 23. Nc2 Rf8 24. Na3 Ne8 25. Bxg7 Nxg7 26. Nc4 Ne8 27. d6 Qb7
1/2-1/2

[Event "Mistrovstvi CR senioru 2016 nad 70 let"]
[Site "Pelclovo divadlo Rychnov nad K"]
[Date "2016.08.24"]
[Round "5.5"]
[White "Haderka, Karel"]
[Black "Havrlik, Pavel"]
[Result "1-0"]
[WhiteElo "1803"]
[BlackElo "1833"]
[PlyCount "84"]
[EventDate "2016.08.20"]

1. c4 e5 2. Nc3 Nc6 3. g3 d6 4. Bg2 Be6 5. d3 Nf6 6. Nd5 Bxd5 7. cxd5 Ne7 8.
Bg5 h6 9. Bxf6 gxf6 10. Qa4+ Qd7 11. Qxd7+ Kxd7 12. e3 c6 13. dxc6+ bxc6 14.
Ne2 Rb8 15. b3 d5 16. O-O Bg7 17. Rac1 f5 18. Rc2 Kd6 19. d4 f6 20. Rfc1 h5 21.
h4 Bh6 22. f4 e4 23. Kh2 Rh7 24. Bh3 Rg7 25. Rc5 Rb7 26. Ra5 Rg8 27. Ra6 Ke6
28. Rc5 Kf7 29. Rca5 Ra8 30. Nc3 Kg6 31. Na4 Nc8 32. Rxc6 Bf8 33. Nc5 Bxc5 34.
Raxc5 Ne7 35. Rd6 Rb6 36. Rd7 Re6 37. Rcc7 Re8 38. Rxa7 Rc6 39. Rxe7 Rxe7 40.
Rxe7 Rc2+ 41. Kg1 Rc3 42. b4 Rxe3 1-0

[Event "Mistrovstvi CR senioru 2016 nad 70 let"]
[Site "Pelclovo divadlo Rychnov nad K"]
[Date "2016.08.24"]
[Round "5.6"]
[White "Vitek, Vaclav"]
[Black "Kosek, Lubomir"]
[Result "1-0"]
[WhiteElo "2035"]
[BlackElo "1737"]
[PlyCount "43"]
[EventDate "2016.08.20"]

1. e4 c6 2. d4 d5 3. exd5 cxd5 4. c3 e6 5. Nf3 Nc6 6. Bf4 Bd6 7. Bg3 Nf6 8.
Nbd2 Qc7 9. Bd3 h6 10. O-O Nh5 11. Re1 Nxg3 12. hxg3 O-O 13. Nf1 e5 14. dxe5
Nxe5 15. Bc2 Be6 16. Ne3 Rad8 17. Nd4 Bc5 18. Rc1 Nc4 19. Qd3 g6 20. Nxe6 Nxb2
21. Nxc7 Nxd3 22. Bxd3 1-0

[Event "Mistrovstvi CR senioru 2016 nad 70 let"]
[Site "Pelclovo divadlo Rychnov nad K"]
[Date "2016.08.24"]
[Round "5.7"]
[White "Folta, Jaroslav"]
[Black "Chmelik, Jiri"]
[Result "0-1"]
[WhiteElo "1767"]
[BlackElo "2013"]
[PlyCount "0"]
[EventDate "2016.08.20"]
[PlyCount "74"]

1. d4 Nf6 2. Nf3 e6 3. Bg5 c5 4. c3 b6 5. e3 Bb7 6. Nbd2 Be7 7. Bd3 O-O 8. O-O
d5 9. Ne5 Nbd7 10. f4 Ne4 11. Bxe7 Qxe7 12. Rf3 f5 13. Rh3 Nxe5 14. fxe5 Nxd2
15. Qxd2 g6 16. Rf1 Rf7 17. Qf2 a5 18. Qe2 c4 19. Bc2 b5 20. Rhf3 Raf8 21. Qf2
Bc6 22. g3 b4 23. Qd2 Rb8 24. Rb1 bxc3 25. Qxc3 Qb4 26. Qxb4 axb4 27. Rff1 Rfb7
28. Rbc1 Be8 29. h4 h6 30. Kh2 Rc7 31. Kh3 Rbc8 32. Bd1 Ra7 33. Ra1 Rca8 34. b3
Rxa2 35. Rxa2 Rxa2 36. bxc4 dxc4 37. e4 Bc6 0-1

[Event "Mistrovstvi CR senioru 2016 nad 70 let"]
[Site "Pelclovo divadlo Rychnov nad K"]
[Date "2016.08.24"]
[Round "5.8"]
[White "Glacner, Karel"]
[Black "Holecek, Vladimir"]
[Result "0-1"]
[WhiteElo "1552"]
[BlackElo "1921"]
[PlyCount "105"]
[EventDate "2016.08.20"]

1. e4 d5 2. exd5 Qxd5 3. b3 e5 4. Nc3 Qa5 5. Bc4 Nc6 6. Nf3 Nh6 7. h3 Nf5 8.
Ng5 Nd6 9. Bd5 Nd4 10. O-O Bf5 11. Nge4 O-O-O 12. a3 c6 13. b4 Qc7 14. Nxd6+
Qxd6 15. Be4 Bg6 16. Bxg6 Qxg6 17. d3 Be7 18. Be3 f5 19. Bxd4 exd4 20. Ne2 Qd6
21. Qd2 Bf6 22. Rae1 Rhe8 23. Qf4 Re5 24. Qd2 Rde8 25. g3 Qe7 26. Qf4 Rxe2 27.
Qxf5+ Kc7 28. Qf4+ Qd6 29. Qc1 Rxe1 30. Rxe1 Rxe1+ 31. Qxe1 Qe5 32. Qxe5+ Bxe5
33. f4 Bf6 34. Kf2 Kd6 35. Kf3 Kd5 36. h4 Be7 37. Kg4 a5 38. bxa5 Bxa3 39. h5
Ke6 40. Kf3 Bb4 41. Ke4 Bxa5 42. g4 Bc7 43. f5+ Kf6 44. h6 gxh6 45. Kxd4 h5 46.
gxh5 Kxf5 47. c4 Kg5 48. Kc5 Kxh5 49. d4 Kg4 50. d5 cxd5 51. cxd5 h5 52. d6
Bxd6+ 53. Kxd6 0-1

[Event "Mistrovstvi CR senioru 2016 nad 70 let"]
[Site "Pelclovo divadlo Rychnov nad K"]
[Date "2016.08.24"]
[Round "5.9"]
[White "Zikmund, Jaroslav"]
[Black "Matoulek, Jaroslav"]
[Result "1/2-1/2"]
[WhiteElo "1830"]
[BlackElo "1616"]
[PlyCount "26"]
[EventDate "2016.08.20"]

1. d4 d5 2. c4 c6 3. e3 Nf6 4. Nf3 Bg4 5. h3 Bh5 6. Bd3 dxc4 7. Bxc4 e6 8. Nbd2
Be7 9. Qb3 Qb6 10. Ne5 O-O 11. O-O Qxb3 12. Nxb3 b6 13. Bd2 Nfd7 1/2-1/2

[Event "Mistrovstvi CR senioru 2016 nad 70 let"]
[Site "Pelclovo divadlo Rychnov nad K"]
[Date "2016.08.24"]
[Round "5.10"]
[White "Laszkiewicz, Jerzy"]
[Black "Glembek, Bohumir"]
[Result "0-1"]
[WhiteElo "1941"]
[BlackElo "1798"]
[PlyCount "46"]
[EventDate "2016.08.20"]

1. e4 Nf6 2. Nc3 e5 3. Nf3 Nc6 4. Bb5 d6 5. d4 exd4 6. Qxd4 Bd7 7. Bxc6 Bxc6 8.
O-O Be7 9. Re1 O-O 10. Bg5 Nd7 11. Bxe7 Qxe7 12. Rad1 Rfe8 13. Re3 Qf6 14. Rde1
Ne5 15. Nxe5 dxe5 16. Qc4 Rad8 17. Qe2 Rd4 18. Rd1 Red8 19. Red3 Qe6 20. h3 a6
21. a3 b5 22. Rxd4 exd4 23. Rd3 Rd7 0-1

[Event "Mistrovstvi CR senioru 2016 nad 70 let"]
[Site "Pelclovo divadlo Rychnov nad K"]
[Date "2016.08.24"]
[Round "5.11"]
[White "Mutina, Antonin"]
[Black "Truksa, Vaclav"]
[Result "0-1"]
[WhiteElo "1784"]
[BlackElo "1883"]
[PlyCount "84"]
[EventDate "2016.08.20"]

1. d4 Nf6 2. Bg5 g6 3. c4 Bg7 4. Nc3 O-O 5. e4 d6 6. Nf3 h6 7. Bf4 c5 8. Qd2
Kh7 9. dxc5 dxc5 10. Qxd8 Rxd8 11. Be2 a6 12. O-O Nc6 13. Be3 Nd4 14. Rad1
Nxe2+ 15. Nxe2 Rxd1 16. Rxd1 Bg4 17. Nc3 Rc8 18. b3 b5 19. h3 Be6 20. cxb5 axb5
21. e5 Nd7 22. Bf4 b4 23. Nd5 Bf8 24. Rd2 c4 25. bxc4 Rxc4 26. Bg3 Nc5 27. Nb6
Rc1+ 28. Kh2 Ra1 29. Nd5 Ne4 30. Rd4 Bxd5 31. Rxd5 e6 32. Rd7 Kg7 33. Nd4 Nc5
34. Rc7 Rxa2 35. Rc8 b3 36. Rxc5 Bxc5 37. Nxb3 Bxf2 38. Bf4 Ra4 39. Bd2 Ra3 40.
Nc1 Bg3+ 41. Kg1 Bxe5 42. Kf1 f5 0-1

[Event "Mistrovstvi CR senioru 2016 nad 70 let"]
[Site "Pelclovo divadlo Rychnov nad K"]
[Date "2016.08.24"]
[Round "5.12"]
[White "Laska, Zdenek"]
[Black "Vlasak, Ladislav"]
[Result "0-1"]
[WhiteElo "1869"]
[BlackElo "1756"]
[PlyCount "90"]
[EventDate "2016.08.20"]

1. d4 Nf6 2. c4 g6 3. Nc3 Bg7 4. e4 d6 5. f3 a6 6. Be3 c6 7. Bd3 Qa5 8. Nge2 b5
9. a3 Nbd7 10. b4 Qd8 11. Rc1 Bb7 12. O-O e5 13. d5 cxd5 14. Nxd5 Nxd5 15. cxd5
Rc8 16. Qb3 O-O 17. Rxc8 Qxc8 18. a4 bxa4 19. Qxa4 Nb8 20. Ra1 Qd7 21. Qa5 Bf6
22. Ba7 Bd8 23. Qa3 Bc7 24. Be3 Rc8 25. Ba7 Kf8 26. Nc3 Qd8 27. Na4 Nd7 28. Bf2
Nb6 29. Rc1 Nxa4 30. Qxa4 Ra8 31. Qc2 Rc8 32. Qb3 Bb6 33. Rxc8 Bxf2+ 34. Kxf2
Qxc8 35. Qa4 Ke7 36. Qa5 h5 37. h4 Kd7 38. b5 Qc5+ 39. Kg3 Ke7 40. Qa4 axb5 41.
Bxb5 f5 42. Be8 Bc8 43. Bxg6 f4+ 44. Kh2 Bd7 45. Qa2 Qe3 0-1